[Event "TUR Cup"]
[Site "Antalya"]
[Date "2020.01.26"]
[Round "1"]
[White "Erdogan, Anil Berk"]
[Black "Yuksel, Oktay Yigit"]
[Result "1-0"]
[WhiteElo "2147"]
[BlackElo "1464"]
[PlyCount "79"]
[EventDate "2020.01.26"]
[EventType "swiss"]
[EventRounds "11"]
[EventCountry "TUR"]
[SourceTitle "CBM 194 Extra"]
[Source "ChessBase"]
[SourceDate "2020.03.31"]
[SourceVersion "1"]
[SourceVersionDate "2020.03.31"]
[SourceQuality "1"]

1. e4 c5 2. Nf3 d6 3. d4 cxd4 4. Nxd4 Nf6 5. Nc3 a6 6. h3 e6 7. g4 Be7 8. g5 Nfd7 9. h4 b5 10. Bg2 Bb7 11. Be3 Nb6 12. b3 N8d7 13. Qd2 Rc8 14. Nce2 d5 15. Ng3 dxe4 16. 0-0 Nd5 17. Nxe4 Bb4 18. Qe2 Nc3 19. Nxc3 Bxg2 20. Kxg2 Bxc3 21. Rad1 0-0 22. a4 bxa4 23. bxa4 Qb6 24. Kg1 Nc5 25. Nb3 Bb4 26. Rb1 Qc7 27. c3 Nxb3 28. cxb4 Qc3 29. Rfd1 Rfd8 30. Rxd8+ Rxd8 31. b5 axb5 32. axb5 Nd4 33. Qd1 e5 34. b6 Nc6 35. Qc1 Qxc1+ 36. Rxc1 Nd4 37. Bxd4 exd4 38. b7 Kf8 39. Rc8 Ke8 40. Rxd8+ 1-0